10 villes les plus peuplées par pays des BRICS - Statistiques

Statistiques générales
  • Ce quiz a été pris 163 fois
    14 depuis la dernière actualisation
  • Le résultat moyen est 40 sur 100
Statistiques - réponses
Pays Ville Population
(en milliers)
% Correct
Brésil São Paulo 11 877
100%
Brésil Brasília 2 877
92%
Inde Delhi 11 007
92%
Russie Moscou 13 010
92%
Inde Mumbai 12 478
92%
Brésil Rio de Janeiro 6 729
92%
Chine Canton 16 096
85%
Égypte Le Caire 9 606
85%
Chine Pékin 18 960
85%
Russie Saint Pétersbourg 5 601
85%
Chine Shanghai 21 909
85%
Iran Téhéran 8 693
85%
Émirats Arabes Unis Abou Dabi 1 202
77%
Égypte Alexandrie 5 263
77%
Émirats Arabes Unis Dubaï 2 401
77%
Indonésie Jakarta 9 607
77%
Afrique du Sud Johannesburg 4 949
77%
Afrique du Sud Le Cap 4 004
77%
Inde Calcutta 4 486
69%
Afrique du Sud Durban 3 661
69%
Afrique du Sud Pretoria 3 275
69%
Brésil Recife 1 587
69%
Brésil Salvador de Bahia 2 568
69%
Éthiopie Addis Abeba 3 860
62%
Inde Bangalore 8 425
62%
Brésil Belo Horizonte 2 416
62%
Afrique du Sud Bloemfontein 759
62%
Inde Chennai 4 681
62%
Brésil Fortaleza 2 574
62%
Russie Iekaterinbourg 1 544
62%
Russie Kazan 1 308
62%
Brésil Manaus 2 257
62%
Afrique du Sud Port Elizabeth 1 263
62%
Chine Shenzhen 17 444
62%
Chine Wuhan 10 494
62%
Inde Hyderabad 6 809
54%
Iran Ispahan 1 961
54%
Russie Nijni Novgorod 1 226
54%
Russie Novossibirsk 1 633
54%
Inde Ahmedabad 5 570
46%
Indonésie Bandung 2 394
46%
Brésil Curitiba 1 829
46%
Égypte Gizeh 4 367
46%
Inde Jaipur 3 073
46%
Indonésie Medan 2 097
46%
Égypte Port Saïd 780
46%
Russie Samara 1 173
46%
Égypte Suez 699
46%
Indonésie Surabaya 2 765
46%
Chine Xi'an 9 236
46%
Chine Chengdu 13 568
38%
Chine Chongqing 9 580
38%
Brésil Goiânia 1 492
38%
Russie Krasnoïarsk 1 187
38%
Russie Oufa 1 144
38%
Inde Pune 3 115
38%
Inde Surate 4 462
38%
Iran Tabriz 1 558
38%
Russie Tcheliabinsk 1 189
38%
Chine Tianjin 11 052
38%
Iran Chiraz 1 565
31%
Iran Mecched 3 001
31%
Émirats Arabes Unis Charjah 1 274
23%
Afrique du Sud East London 810
23%
Indonésie Makassar 1 331
23%
Iran Qom 1 201
23%
Iran Ahvaz 1 184
15%
Éthiopie Dire Dawa 343
15%
Chine Dongguan 9 644
15%
Émirats Arabes Unis Al Ain 496
8%
Afrique du Sud Ekurhuleni 3 379
8%
Éthiopie Gondar 466
8%
Iran Kermanchah 946
8%
Égypte Mansourah 621
8%
Indonésie Palembang 1 440
8%
Afrique du Sud Pietersburg 702
8%
Indonésie Semarang 1 520
8%
Égypte Shubra El Kheima 1 240
8%
Afrique du Sud Vereeniging 733
8%
Éthiopie Adama 456
0%
Émirats Arabes Unis Ajman 450
0%
Égypte Assiout 528
0%
Éthiopie Awasa 422
0%
Éthiopie Baher Dar 350
0%
Indonésie Bekasi 2 334
0%
Indonésie Depok 1 738
0%
Éthiopie Dessie 270
0%
Éthiopie Shashamené 208
0%
Égypte El Mahallah el Koubra 592
0%
Émirats Arabes Unis Fujaïrah 92
0%
Éthiopie Jimma 250
0%
Émirats Arabes Unis Kalba 37
0%
Iran Karadj 1 592
0%
Émirats Arabes Unis Khor Fakkan 39
0%
Éthiopie Mekele 457
0%
Émirats Arabes Unis Oumm al Quaïwaïn 32
0%
Iran Ourmia 736
0%
Émirats Arabes Unis Ras el Khaïmah 263
0%
Indonésie Tangerang 1 798
0%
Égypte Tanta 576
0%
Aucun quiz correspondant
Distribution des résultats
% des personnes avec chaque résultat
Percentile par nombre de réponses
Votre historique - résultats
Vous n’avez pas pris ce quiz depuis la dernière actualisation